000 01686nam a22004217a 4500
003 CHAP
005 20220329143735.0
008 110518s2010 mx r 00010 spa d
010 _a101224
011 _a102196
035 _a112884
040 _cCHAP
090 _aTesis
100 1 _aCisneros Ibarra, Miguel
_923449
245 1 0 _aEvaluación biológica de los agroquímicos K-tonic, Biozyme, Endospor y Proroot en la producción de jitomate (Lycopersicon esculentum Mill.) en Chapingo, México
_h[En línea]
_c/por Miguel Cisneros Ibarra
260 _aChapingo, Méx. :
_bEl autor,
_c2010
500 _aPara ver el contenido del material haga clic en la liga
502 _aTesis (Ing. Agr. Esp. en Fitotecnia) -- UACH. Departamento de Fitotecnia
590 _aALEPH
_b10
_c20130110
_lUCH01
_h1540
590 _aBATCH-UPD
_b10
_c20130110
_lUCH01
_h1119
590 _aBATCH-UPD
_b10
_c20130410
_lUCH01
_h0709
590 _aBATCH-UPD
_b10
_c20130914
_lUCH01
_h0645
590 _aBATCH-UPD
_b10
_c20140324
_lUCH01
_h1525
590 _aBATCH-UPD
_b10
_c20141002
_lUCH01
_h0849
590 _aBATCH
_b00
_c20181121
_lUCH01
_h0759
590 _aCONVERSION
_b10
_c20130109
_lUCH01
_h1356
650 1 4 _aBioquímica.
_912849
650 1 4 _aEvaluación.
_938913
650 1 4 _aProductos químicos.
_992217
650 1 4 _aTomate
_xRendimiento.
_9113761
650 1 4 _aTomate
_zMéxico (Edo.).
_9113786
856 _3Finding aid
_uhttp://10.13.5.2/tesis/112884.pdf
_zTeclea aqui
856 _a1
_n0001626
901 _aBK
942 _cFOLL
949 _aTesis
_bBC
_cTES
_d33724002251611
_eTS1
_gDonaciØn
_h52233
_i112884
_st
949 _aTesis
_bBC
_cTES
_d33724002251652
_eTS2
_fc.2
_gDonaciØn
_h52234
_i112884
_st
999 _c101224
_d101224